LEADER 01086nas a2200253 i 4500 001 000000150154 003 CaOOAMICUS 005 20070130000000.0 008 060428b2006 it uu u0 0ita r 013 $a127492 040 $aSeMil$bita 245 10$a[2006 :$bmarzo] /$cDirezione scientifica [di] Cesare Cornoldi, Giovanna Axia, Santo Di Nuovo. 260 $aGardolo (TN) :$bErickson,$ccopyr. 2006. 300 $a129 p. :$bgrafici, tabelle ;$c24 cm. 700 1 $aCornoldi, Cesare.$0(OLS)http://semarc/name/54988 700 1 $aDi Nuovo, Santo.$0(OLS)http://semarc/name/54990 700 1 $aAxia, Giovanna.$0(OLS)http://semarc/name/54989 773 0 $tNuove Tendenze della Psicologia.$dGardolo (TN) : Erickson, 2003-2006.$x1722-6570$w()12557 774 0 $t[vedi periodico].$w()264150 850 $aSeMil 852 $aSeMil$W1$xVenegono$y1$m228 1 160$j102318$B102318$CSeMilBibl$Z2$F119381 $85 961 $aAbbonamento: Erickson Edizioni 996 $6245$a[2006 :$bmarzo]$9(OLS)http://semarc/title/219569 996 $6260$aGardolo (TN) :$bErickson$9(OLS)http://semarc/publisher/33474 LEADER 00949nam a2200181 i 4500 001 000000247877 003 CaOOAMICUS 005 20160210000000.0 008 160210s1914 xx u000 u fre u 013 $a226782 040 $aSeMil$bita 245 10$aLettres. 9, 1619-1620. 300 $aXVII, 496 p., [1] c. di tav. :$bfacs. 700 1 $aFrançois : de Sales,$c.$0(OLS)http://semarc/name/1031 773 0 $aFrançois : de Sales $tOeuvres de Saint François de Sales.$bÉd complète d'après les autographes et les éditions originales enrichie de nombreuses pièces inèdites ...$dAnnecy : Imprimerie J. Niérat : [poi] ... Paris ; Librairie catholique Emmanuel Vitte : [poi]... Annecy : Monastère de la Visitation, 1892.$g19$w()14201 850 $aSeMil 852 $aSeMil$W1$xVenegono$y1$m3H V 177 FA$j198223$B198223$CSeMilBibl$Z2$F209398 $8I 996 $6245$aLettres. 9, 1619-1620$9(OLS)http://semarc/title/349914